000 00333nam a2200157Ia 4500
003 0STCL
008 150530s9999 xx 000 0 und d
040 _aSTCL
_cSTCL
100 _aJohn Gardner
245 _aNickel mountain
260 _c1973
546 _aEnglish
942 _2ddc
_cBK
999 _c67413
_d67413
005 20220125171343.0